00568nam a2200121Ia 4500008004100000020001800041100002500059245012700084260002700211650001200238650015500250856004100405171212s9999 xx 000 0 und d a9780833051462 aLambeth, Benjamin S. cLambeth, Benjamin S.aAir Operations in Israel's War Against HezbollahbLearning from Lebanon and Getting It Right in Gaza bRAND Corporationc2011 aHistory aLebanon War, 2006 -- Aerial operations, Israeli; Arab-Israeli conflict -- 1993 -- Aerial operations, Israeli; Israel. Hel ha-avir; Hizballah (Lebanon) uwww.jstor.org/stable/10.7249/mg835af